License Installation Guide for Fluent SOFTWARE lICENSE mANAGER 10.8 (Record no. 562957)
[ view plain ]
| 000 -LEADER | |
|---|---|
| fixed length control field | 00361nam a2200121Ia 4500 |
| 008 - FIXED-LENGTH DATA ELEMENTS--GENERAL INFORMATION | |
| fixed length control field | 210430s9999 xx 000 0 und d |
| 082 ## - DEWEY DECIMAL CLASSIFICATION NUMBER | |
| Classification number | 532.004 A617 A |
| 100 ## - MAIN ENTRY--PERSONAL NAME | |
| Personal name | Fluent inc. |
| 245 ## - TITLE STATEMENT | |
| Title | License Installation Guide for Fluent SOFTWARE lICENSE mANAGER 10.8 |
| Statement of responsibility, etc. | Fluent inc. |
| 260 ## - PUBLICATION, DISTRIBUTION, ETC. | |
| Place of publication, distribution, etc. | COPE |
| Name of publisher, distributor, etc. | Pathscale Corporation |
| Date of publication, distribution, etc. | 2007 |
| 300 ## - PHYSICAL DESCRIPTION | |
| Extent | 7-1p |
| 942 ## - ADDED ENTRY ELEMENTS (KOHA) | |
| Koha item type | Book |
| Source of classification or shelving scheme | |
| Withdrawn status | Lost status | Damaged status | Not for loan | Collection code | Permanent Location | Current Location | Shelving location | Date acquired | Total Checkouts | Full call number | Barcode | Date last seen | Price effective from | Koha item type |
|---|---|---|---|---|---|---|---|---|---|---|---|---|---|---|
| School of Chemical & Materials Engineering (SCME) | School of Chemical & Materials Engineering (SCME) | General Stacks | 532.004 A617 A | SCME-1842 | 04/30/2021 | 04/30/2021 | Book |
